000 01646nam0a2200361 4500
001 RU\NLR\bibl\320249
005 20260407081952.0
010 _a5-901202-09-0
_950
021 _aRU
_b2002-27679
_91374
035 _a(NLR Aleph) 000315310
090 _a63179
_c63179
100 _a20021008d2002 |||y0rusy50 ca
101 0 _arus
102 _aRU
105 _ay |||||||||
200 1 _aНаучно-практическая конференция Ассоциации книжных палат по проблемам национальной библиографии, (Москва, 23 мая 2002 г.)
_eДокл. и материалы
210 _aМ.
_cРКП
_d2002
215 _a128 с.
_d20
300 _aВ надзаг.: Ассоц. кн. палат СНГ и Рос. Федерации, Рос. кн. палата
606 0 _aНациональная библиография
_jСъезды, совещания и т.п.
_91906928
_3RU\NLR\auth\66868697
610 0 _aНациональная библиография
675 _a01(082)
_v3
_zrus
686 _a13.41
_2rugasnti
686 _a78.5
_2rubbk
686 _aЧ755.1я431
686 _aЧ754(2)71я431
710 0 2 _aАссоциация книжных палат СНГ и Российской Федерации
_bНаучно-практическая конференция по проблемам национальной библиографии
_f2002
_eМосква
_3RU\NLR\AUTH\8810042594
_9584625
801 0 _aRU
_bRKP
_c20021008
_gPSBO
801 1 _aRU
_bRKP
_c20021008
801 2 _aRU
_bNLR
_c20030318
_grcr
942 _cBOOK
980 _aNB